000 00612nam a2200253Ia 4500
003 OSt
005 20221005133435.0
006 a|||||r|||| 00| 0
007 ta
008 221004b |||||||| |||| 00| 0 eng d
024 _a31515
037 _cTextual
040 _aCRL
_cCRL
_beng
041 _2eng
_aeng
082 _a41, J4 RR
110 _aWorld.First word.
_9348198
245 0 _aWorld of learning 1954
250 _a5th
260 _c1954
650 _aJOUNRALISM
_93876
700 _aWorld.First word.
_9348199
942 _h41, J4 RR
_cTEXL
_2cc
999 _c1066849
_d1066849